Statistiques concernant Pokémon 3G - Anagrammes aléatoire

Cliquez ici pour prendre le quiz!

Statistiques générales

  • Ce quiz a été pris 85 fois
  • Le résultat moyen est 11 sur 20

Statistiques - réponses

Pokémon% Correct
Arcko
100%
Barbicha
100%
Cacnea
100%
Deoxys
100%
Galekid
100%
Gobou
100%
Kirlia
100%
Lilia
100%
Linéon
100%
Massko
100%
Monaflèmit
100%
Morphéo
100%
Ninjask
100%
Okéoké
100%
Pifeuil
100%
Rayquaza
100%
Ténéfix
100%
Tylton
100%
Wailord
100%
Zigzaton
100%
Skelénox
89%
Absol
88%
Séviper
88%
Spinda
88%
Draby
86%
Bekipan
83%
Méditikka
83%
Sharpedo
83%
Skitty
83%
Braségali
80%
Chuchmur
80%
Drattak
80%
Flobio
80%
Hariyama
80%
Jirachi
80%
Maskadra
80%
Munja
80%
Posipi
80%
Poussifeu
80%
Jungko
78%
Carvanha
75%
Chartor
75%
Mysdibule
75%
Regice
75%
Terhal
75%
Barpau
67%
Cacturne
67%
Dynavolt
67%
Éoko
67%
Goélise
67%
Grahyèna
67%
Medhyèna
67%
Métang
67%
Phogleur
67%
Makuhita
63%
Wailmer
63%
Camérupt
60%
Écrapince
60%
Gloupti
60%
Kyogre
60%
Lovdisc
60%
Métalosse
60%
Ningale
60%
Arakdo
57%
Chapignon
57%
Vacilys
57%
Armulys
50%
Avaltout
50%
Balbuto
50%
Balignon
50%
Blindalys
50%
Brouhabam
50%
Coquiperl
50%
Groret
50%
Groudon
50%
Latias
50%
Latios
50%
Nénupiot
50%
Papinox
50%
Ramboum
50%
Regirock
50%
Rosabyss
50%
Séléroc
50%
Tarsal
50%
Vibraninf
50%
Vigoroth
50%
Azurill
40%
Kecleon
40%
Muciole
40%
Serpang
40%
Solaroc
40%
Nirondelle
38%
Tropius
38%
Altaria
33%
Branette
33%
Charmina
33%
Galeking
33%
Ludicolo
33%
Lumivole
33%
Milobellus
33%
Polichombr
33%
Tarinor
33%
Laggron
30%
Chenipotte
29%
Gardevoir
29%
Rosélia
29%
Armaldo
25%
Barloche
25%
Delcatty
25%
Drackhaus
25%
Élecsprint
25%
Galegon
25%
Grainipiot
25%
Libégon
25%
Obalie
25%
Parecool
25%
Tengalice
25%
Chamallot
20%
Kaorine
20%
Kraknoix
20%
Oniglali
20%
Stalgamin
17%
Téraclope
17%
Anorith
0%
Charmillon
0%
Colhomard
0%
Galifeu
0%
Hélédelle
0%
Kaimorse
0%
Lombre
0%
Mangriff
0%
Négapi
0%
Registeel
0%
Relicanth
0%
Spoink
0%

Distribution des résultats

Percentile par nombre de réponses

% des personnes avec chaque résultat

Votre développement - résultats

Vous n’avez pas pris ce quiz